00330pab a2200133 454500008004000000100001900040245006300059260000900122300001200131362001200143650001600155700001400171773001100185180718b2007 xxu||||| |||| 00| 0 eng d aMishra, Anurag aParenting advantage in business groups of emerging markets c2007 ap.1-10. aJul-Sep aEnterprises aAkbar, M. aVision